01099njm a2200289Ia 450000100060000000300090000600500170001500800410003204000130007304000130008604100130009910000200011210000180013210000380015024500190018825000110020726000110021826000790022930000100030830000290031850000300034750502340037751100370061151100260064865000510067470000840072520548IT-RoPAU20220918181154.0131025s9999 xx 000 0 und d aIT-RoPAU cIT-RoPAU aITALIANO aDi Mario Angelo eAutore musica gCodice autore musica SPICS: 10868 aE' nato Gesù a1a ed. aALBANO bEP - MUSICALI E DISCOGRAFICHEc1981 [1a Ed.:1981 - Ed. Lingua Orig.: 1981] aDISCO c37 minuti (Testo: pag.) aCanti per bambini. Natale aAuguri a Gesù bambino - Vieni, Gesù! - Il palazzo del Re - E' nato Gesù - Raccomandazioni a Gesù bambino - Dormi, dormi, Gesù bambino - Non piangere, Gesù - Le statuine del Presepio - Il telegionale di Natale - Auguri aComplesso: la Fabbrica dei suoni aCoro: le Piccole voci aRELIGIOSO [DISCHI]eCodice MATERIA SPICS: 9950 aRecalcati CarloeAutore testo e musicagCodice autore testo/musica SPICS: 11110